00662nam a2200229Ia 4500003000900000008004100009040001300050040001300063041000800076100001900084245002600103250001200129260002100141260000900162300001100171300001000182490000600192600001600198942000700214999001700221952019400238IT-RoPAU120407s9999 xx 000 0 und d aIT-RoPAU cIT-RoPAU aita aJean Lhermitte aVeri e falsi ossessi. aVicenza aEdizioni Paoline c1957 a220 p. c21 cm v1 a1. Ossessi. cBK c29227d29227 00102ddc406235_90000000000000071aPAULUSbPAULUSd2012-04-11l0o235.9r2012-04-11 00:00:00w2012-04-11yBKzInserito da: Jole In data: 30 luglio 2011 fondo: Via A.Severo 56 Progr:36635